000 00770nam a2200265 i 4500
001 C2-0229959
003 PPAK
005 20180728160530.0
008 001019s2000 my a|||| ||||| | may d
020 _a9830553302
040 _aPPAK
_beng
_cPPAK
_erda
082 0 4 _a305.8
_223
090 0 0 _a305.8
_bADA
_dK
245 0 0 _aAdat dan pantang larang
264 1 _aPetaling Jaya, Selangor :
_bPenerbit Pinang ,
_c2000
300 _a44 pages :
_bcolour illustrations ;
_c29 cm
336 _2rdacontent
_atext
337 _2rdamedia
_aunmediated
338 _2rdacarrier
_avolume
490 1 _aSiri multiwarisan unik
650 1 0 _aManners and customs
700 0 _aMohd Zahari Ishak ; Zabri Zakaria,
_ecompile
830 0 _aSiri multiwarisan unik
942 _ddc
_cB
999 _c149467
_d149467